000 01204nam a22002537a 4500
005 20100716115034.0
008 100716t xxu||||| |||| 00| 0 hin d
010 _aHIN-89704
020 _a9788171193608
_c125.00
035 _aHN-62050
037 _bDBAD / PUB
040 _aDPL
_bHN
082 _a
100 _aमहाश्वेता देवी
_924087
245 _aनील छवि /
_cमहाश्वेता देवी; माहेश्वर द्वारा अनुदित
246 _aNeel Chhavi
_bby Mahashweta Devi; Tran by Maheshwar
260 _aनई दिल्ली
_bराधाकृष्ण प्रकाशन
_c2008
270 _a7/31, अंसारी रोड, दरियागंज
_bनई दिल्ली
_e110002
300 _a198 पृ.
_c18सेमी (सजिल्द)
650 _9657
_aहिन्दी कथा साहित्य
700 _924088
_aमाहेश्वर
942 _2ddc
_cHN
_mमहाश्वे
_h
999 _c48594
_d48594